000 01094nam a2200325 a 4500
001
003 OSt
005 20210903122120.0
008 181114s2017 dr a 000 0 spa d
020 _a9789945005080
040 _aDO-SdBNP
_bspa
_cBMPSU
082 _aRD868.44
_bB742J 2017
_222
100 1 _a Bosch, Juan,
_d1909-2001
_91
245 1 0 _aJuan Bosch :
_bprimeros escritos, cuentos, ensayos literarios y discursos políticos /
_ccompilación Euclides Gutiérrez Félix.
260 _aSanto Domingo :
_bCorripio,
_c2017.
300 _a726 p. :
_bil. ;
_c24 cm.
500 _aIncluye índice
500 _aIncluye datos biograficos del compilador en las solapas
590 _aInventariado, 2021/VM
600 1 0 _a Bosch, Juan,
_d1909-2001
_91
650 1 4 _aEnsayos dominicanos
650 1 4 _aCuentos dominicanos
650 1 4 _aLiteratura dominicana.
650 1 4 _aEnsayos literatiros
650 4 _aDiscursos políticos
_zRepública Dominicana
700 1 _aGutiérrez Félix, Euclides
_ecomp.
700 1 _aGermán, Alejandrina,
_epról.
910 _aVMateo
942 _2ddc
_cBK
999 _c13713
_d13713